| 000 | 00777nam a22002055i 4500 | ||
|---|---|---|---|
| 001 | 160822 | ||
| 003 | ES-MaACL | ||
| 005 | 20230906212131.0 | ||
| 008 | 041004s1875 fr a |||| | fre d | ||
| 040 |
_aCAM _bspa _cCAM |
||
| 100 | 1 |
_aNuitter, Charles. _9130548 |
|
| 245 | 1 | 3 |
_aLe nouvel opéra _b: ouvrage contenant 59 gravures sur bois et 4 plans / _cpar Charles Nuitter. |
| 260 |
_aParis : _bHachette et Cie, _c1875. |
||
| 300 |
_a[2], 255 p., [4] h. de plan. : _bil., grab. ; _c19 cm. |
||
| 599 | _aCon grab. a toda página. | ||
| 610 | 2 | 4 |
_aOpéra national de Paris. _915716 |
| 650 | 4 |
_aÓpera- _zParís- _xHistoria. _915715 |
|
| 852 | 4 |
_aES-MaACL _jF-10526 _z-- Enc. pasta española |
|
| 852 | 4 |
_aES-MaACL _jE-12546 _9R.140156 _z. - Biblioteca Jacinto Martínez Lacalle |
|
| 999 |
_c160822 _d160822 |
||